书目信息 |
| 题名: |
光学薄膜厚度的光干涉测试方法
|
|
| 作者: | 苏俊宏 著 | |
| 分册: | ||
| 出版信息: | 北京 科学出版社 2019.09 |
|
| 页数: | 166页 | |
| 开本: | 24cm | |
| 丛书名: | ||
| 单 册: | ||
| 中图分类: | TH744.3 | |
| 科图分类: | ||
| 主题词: | 光学干涉仪--guang xue gan she yi--测试方法 | |
| 电子资源: | ||
| ISBN: | 978-7-03-062302-7 | |
| 000 | 01006nam0 2200229 450 | |
| 001 | 2270966022 | |
| 005 | 20220914194331.70 | |
| 010 | @a978-7-03-062302-7@dCNY98.00 | |
| 100 | @a20191025d2019 em y0chiy50 ea | |
| 101 | 0 | @achi |
| 102 | @aCN@b110000 | |
| 105 | @aak a 000yy | |
| 200 | 1 | @a光学薄膜厚度的光干涉测试方法@Aguang xue bao mo hou du de guang gan she ce shi fang fa@f苏俊宏著 |
| 210 | @a北京@c科学出版社@d2019.09 | |
| 215 | @a166页@c图@d24cm | |
| 320 | @a有书目 | |
| 330 | @a本书共7章, 主要介绍了光学薄膜常数及厚度的传统测量方法 ; 干涉法测量薄膜厚度原理 ; 干涉条纹小数部分重合法的基础上, 对干涉条纹测量薄膜厚度技术与方法进行说明 ; 通过快速傅里叶变换法对一幅静态干涉图的处理 ; 以相位偏移技术为基础, 借助干涉测试装置捕获动态干涉条纹, 通过一系列关键技术的引入实现动态干涉图的分析与处理, 从而获得薄膜厚度等。 | |
| 606 | 0 | @a光学干涉仪@Aguang xue gan she yi@x测试方法 |
| 690 | @aTH744.3@v5 | |
| 701 | 0 | @a苏俊宏@Asu jun hong@4著 |
| 801 | 0 | @aCN@b人天书店@c20191025 |
| 905 | @aZUCC@dTH744.3@e1 | |
| 光学薄膜厚度的光干涉测试方法/苏俊宏著.-北京:科学出版社,2019.09 |
| 166页:图;24cm |
| ISBN 978-7-03-062302-7:CNY98.00 |
| 本书共7章, 主要介绍了光学薄膜常数及厚度的传统测量方法 ; 干涉法测量薄膜厚度原理 ; 干涉条纹小数部分重合法的基础上, 对干涉条纹测量薄膜厚度技术与方法进行说明 ; 通过快速傅里叶变换法对一幅静态干涉图的处理 ; 以相位偏移技术为基础, 借助干涉测试装置捕获动态干涉条纹, 通过一系列关键技术的引入实现动态干涉图的分析与处理, 从而获得薄膜厚度等。 |
| ● |
| 相关链接 |
|
|
|
正题名:光学薄膜厚度的光干涉测试方法
索取号:TH744.3/1
 
预约/预借
| 序号 | 登录号 | 条形码 | 馆藏地/架位号 | 状态 | 备注 |
| 1 | 2000893386 | 2000893386 | 第三书库/ [索取号:TH744.3/1] | 在馆 | |
| 2 | 2000893387 | 2000893387 | 第三书库/ [索取号:TH744.3/1] | 在馆 | |
| 3 | 2000893388 | 2000893388 | 第三书库/ [索取号:TH744.3/1] | 在馆 |